000 00852nam a22001457a 4500
999 _c527518
_d527518
008 240903b ||||| |||| 00| 0 eng d
100 _aLodha, JS. Bafna, P and Samar, R.
_957769
245 _aSenior citizens and social security laws
260 _aMadhya Pradesh Journal of Social Sciences
300 _a 27(1), Jun, 2022: p.1-12
520 _aThe social security laws for senior citizens are numerous and they have changed the dimension of the social security provided to senior citizens. This article begins with the problems encountered by senior citizens in the current time and states about constitutional framework laying out social security of senior citizens and highlights the provision of various acts relating to the same. – Reproduced
773 _aMadhya Pradesh Journal of Social Sciences
906 _aAGED
942 _cAR